00920 2200325 4500001002100000005001500021035002500036008004100061020002200102040001700124082001200141084001200153245008200165260003100247300004400278650002700322700002700349850001200376007000300388090001600391090002200407090002200429999002200451999002200473500001100495990002200506990002200528990002200550990002200572INLIS00000000001692920200616111721 a0010-021600000000017 ind s2015 yoia g 0 ind d a979-602-258-336-3 aYOPDYOGbind04222a306 a306 MEM00aMemori dan imajinasi nusantara /cpenyunting, Dorothea Rosa Heliany...[et.al]3 aYogyakarta :bOmbak,c2015 aviii, 349 halaman :bilustrasi ;c23 cm 4aIndonesia--xPeradaban0 aDorothea Rosa Herliany aYOPDYOGta aDEP 306 MEM aCB-D.11 2015-1139 aCB-D.11 2015-2724 aCB-D.11/2015-1139 aCB-D.11/2015-2724 aindeks aCB-D.11/2015-1139 aCB-D.11/2015-2724 aCB-D.11/2015-2724 aCB-D.11/2015-1139